| 000 | 00684nam a22001697a 4500 | ||
|---|---|---|---|
| 999 |
_c9801 _d9801 |
||
| 008 | 180717b ||||| |||| 00| 0 eng d | ||
| 082 |
_22018 _aUT 0921 _bB22 |
||
| 100 |
_929028 _aBarabad, Margieline L. |
||
| 245 |
_aRetail service quality and customer retention of grocery storesw in digos city/ _cMargieline L. Barabad, Apple Kertz F. Suerto and Levie A. Vestidas. |
||
| 260 |
_aDigos City: _bUMDC _cApril 2018. |
||
| 300 |
_a94 pages; _b30 cm. |
||
| 650 | 0 |
_929029 _aBusiness Administration. _vMarketing Management _xUndergraduate theses. |
|
| 700 |
_929030 _aBarabad, Margieline L. |
||
| 700 |
_929031 _aSuerto, Apple Kertz F. |
||
| 700 |
_929032 _aVestidos, Levie A. |
||
| 942 |
_2ddc _cUT |
||